000 00420nam a2200145Ia 4500
008 220216s9999 xx 000 0 und d
100 _aWang Meng-Jiao
245 4 _aThe role of filler networking in dynamic properties of filled rubber
260 _bRubber Chemistry and Technology
_c1999
300 _a430-448
650 _aDynamic properties
650 _aFilled rubber
650 _aFiller networking
942 _cJS
999 _c70982
_d70982